| 000 | 00869nam a2200241 a 4500 | ||
|---|---|---|---|
| 999 |
_c8185 _d8185 |
||
| 001 | 1675 | ||
| 003 | BD-JhCC | ||
| 005 | 20180219110511.0 | ||
| 008 | 171023s2008 bg |||| ||a| 000 0 ben d | ||
| 020 | _a9847011700373 | ||
| 035 | _a(BD-JhCC)1675 | ||
| 040 |
_aBD-JhCC _dBD-JhCC |
||
| 041 | _aben | ||
| 082 |
_a305.42 _bROK 2008 |
||
| 245 |
_aরোকেয়া : যুক্তিবাদ মনবজাগরণ ও শিক্ষা সমাজতত্ত্ব / _cআনোয়ারুল্লাহ ভূঁইয়া (সম্পাদনা) |
||
| 260 |
_aঢাকা : _bরোদেলা প্রকাশনী, _c২০০৮. |
||
| 300 |
_a399 p. : _c23 cm. |
||
| 600 | _aRokeya | ||
| 650 | _aSociology | ||
| 700 | _aভূঁইয়া, আনোয়ারুল্লাহ | ||
| 942 |
_2ddc _cBK |
||